000 00757 a2200229 4500
003 UA-OsUOA
005 20260306111544.0
008 260306b un ||||| |||| 00| 0 ukr d
040 _aUA-OsUOA
_bukr
_cUA-OsUOA
_dUA-OsUOA
041 _aukr
080 _a82-1
090 _a82-1
_bП80
245 _aПроліски
_bупоряд. Марія Юркевич
260 _bКооператива "Базар"
_c1958
_aФиладелфія
300 _a32 с.
490 _aНашим малятам
520 _aВідбитка з "Нашого Життя".
650 _2UDC
_a82-1 Поезія. Поеми. Вірші
_916367
942 _cBR
_2udc
955 _a3
999 _c579997
_d579997